000 00473nam a22001817a 4500
003 OSt
005 20140508160652.0
008 140508b xxu||||| |||| 00| 0 eng d
020 _a9789718740712
050 _aQA 445
_b.Al385 2013
100 _aAlfarez, Merle S.
245 _aGeometry /
_cMerle S. Alfarez
260 _aQuezon City :
_bMSA Publishing House,
_c2013.
300 _a359 p. :
_bill. ;
_c28 cm.
650 _aGeometry.
942 _2lcc
_cBK
999 _c115872
_d115872